Earth / (Record no. 121144)

MARC details
000 -LEADER
campo de control de longitud fija 00498nam a2200181 4500
001 - NÚMERO DE CONTROL
campo de control 121144
003 - IDENTIFICADOR DE NÚMERO DE CONTROL
campo de control ES-MaACL
005 - FECHA Y HORA DE LA ÚLTIMA TRANSACCIÓN
campo de control 20230906191710.0
007 - CAMPO FIJO DE DESCRIPCIÓN FÍSICA--INFORMACIÓN GENERAL
campo de control de longitud fija t|
008 - DATOS DE LONGITUD FIJA--INFORMACIÓN GENERAL
campo de control de longitud fija 070214s1978 xxu r ||||1| eng d
100 1# - ENTRADA PRINCIPAL--NOMBRE DE PERSONA
Nombre de persona Press, Frank.
9 (RLIN) 93787
245 10 - MENCIÓN DEL TÍTULO
Título Earth /
Mención de responsabilidad, etc. Frank Press, Raymond Siever.
250 ## - MENCION DE EDICION
Mención de edición 2nd ed.
260 ## - PUBLICACIÓN, DISTRIBUCIÓN, ETC.
Lugar de publicación, distribución, etc. San Francisco :
Nombre del editor, distribuidor, etc. W. H. Freeman,
Fecha de publicación, distribución, etc. 1978.
300 ## - DESCRIPCIÓN FÍSICA
Extensión XI, 649 p. :
Otras características físicas il. ;
Dimensiones 25 cm.
700 1# - ENTRADA AGREGADA--NOMBRE PERSONAL
Nombre de persona Siever, Raymond.
9 (RLIN) 106292
852 ## - LOCALIZACIÓN
Ubicación ES-MaACL
Número de control de estantería L-2421
Sublocalización o colección R.103329
Holdings
Estatus retirado Estado de pérdida Estado de daño No para préstamo Biblioteca de origen Biblioteca actual Ubicación en estantería Fecha de adquisición Fuente de adquisición Total de préstamos Signatura topográfica completa Código de barras Visto por última vez Precio de reemplazo Tipo de ítem Koha
        Biblioteca del Ateneo de Madrid Biblioteca del Ateneo de Madrid Depósito 2 17/01/2008     L-2421 1126256 23/02/2023 23/02/2023 Libro impreso